[Event "Canadian op U1800"]
[Site "Sault Ste Marie"]
[Date "2017.07.15"]
[Round "8.37"]
[White "Belanger, Robin"]
[Black "Kuttner, Amos"]
[Result "0-1"]
[WhiteElo "1439"]
[BlackElo "1706"]
[PlyCount "104"]
[EventDate "2017.07.08"]
[EventType "swiss"]
[EventRounds "9"]
[EventCountry "CAN"]
[SourceTitle "EXT 2022"]
[Source "ChessBase"]
[SourceDate "2021.10.06"]
[SourceVersion "1"]
[SourceVersionDate "2021.10.06"]
[SourceQuality "1"]

1. e4 e5 2. Nf3 Nc6 3. Bc4 Be7 4. d4 d6 5. c3 Nf6 6. 0-0 0-0 7. Re1 Bg4 8. h3 Bxf3 9. Qxf3 exd4 10. Bf4 Ne5 11. Bxe5 dxe5 12. Nd2 c5 13. Rad1 Qd7 14. Qg3 b5 15. Bd5 Nxd5 16. exd5 f6 17. cxd4 cxd4 18. Qb3 Kh8 19. f4 Bd6 20. Nf3 Rae8 21. fxe5 fxe5 22. Ng5 Rf6 23. Qd3 g6 24. Rc1 Bb4 25. Ne4 Rf4 26. Rf1 Qxd5 27. Rxf4 exf4 28. Nf6 Qe5 29. Nxe8 Qxe8 30. Qxd4+ Kg8 31. Qxb4 Qe3+ 32. Kh2 Qxc1 33. Qxb5 Qc7 34. Qb3+ Kg7 35. Qc3+ Qxc3 36. bxc3 Kf6 37. g3 Ke5 38. c4 fxg3+ 39. Kxg3 a5 40. c5 Kd5 41. c6 Kxc6 42. Kg4 h6 43. Kf4 Kd5 44. h4 Kd4 45. a4 Kc4 46. Ke5 Kb4 47. Kf6 g5 48. h5 g4 49. Kg6 g3 50. Kxh6 g2 51. Kh7 g1Q 52. h6 Qg5 0-1

[Event "Canadian op U1800"]
[Site "Sault Ste Marie"]
[Date "2017.07.14"]
[Round "7.39"]
[White "Armstrong, Robert J"]
[Black "Belanger, Robin"]
[Result "0-1"]
[WhiteElo "1503"]
[BlackElo "1439"]
[PlyCount "110"]
[EventDate "2017.07.08"]
[EventType "swiss"]
[EventRounds "9"]
[EventCountry "CAN"]
[SourceTitle "EXT 2022"]
[Source "ChessBase"]
[SourceDate "2021.10.06"]
[SourceVersion "1"]
[SourceVersionDate "2021.10.06"]
[SourceQuality "1"]

1. d4 Nf6 2. c4 g6 3. Nc3 Bg7 4. e4 d6 5. f3 0-0 6. Be3 Na6 7. Nge2 c5 8. d5 Nc7 9. g4 a6 10. a4 e6 11. Ng3 exd5 12. cxd5 Re8 13. Qd2 Nd7 14. h4 Ne5 15. Be2 Qf6 16. Nf5 gxf5 17. Bg5 Nxf3+ 18. Bxf3 Qd4 19. gxf5 Bxf5 20. Be3 Qxd2+ 21. Kxd2 Bd7 22. Rag1 Kh8 23. h5 h6 24. Rg2 Rg8 25. Rhg1 Raf8 26. Bf4 Ne8 27. a5 f5 28. Rg6 Rf6 29. Ke1 Rxg6 30. Rxg6 Bxc3+ 31. bxc3 Rxg6 32. hxg6 Kg7 33. e5 dxe5 34. Bxe5+ Kxg6 35. d6 Nf6 36. Bxb7 Bb5 37. Bc8 Nd7 38. c4 Bc6 39. Bf4 Nb8 40. Be3 Bd7 41. Bb7 Be6 42. Bxc5 Bxc4 43. Bc8 Bb5 44. Be6 Nd7 45. Be3 Kf6 46. Bd5 Ke5 47. Bf7 Kxd6 48. Bxh6 Ne5 49. Bf4 Ke7 50. Kd1 Nd3 51. Bg6 Kf6 52. Bxf5 Kxf5 53. Bc7 Ke4 54. Kc2 Nb4+ 55. Kc3 Nd5+ 0-1

[Event "Canadian op U1800"]
[Site "Sault Ste Marie"]
[Date "2017.07.12"]
[Round "5.35"]
[White "McGilly, Craig"]
[Black "Belanger, Robin"]
[Result "0-1"]
[WhiteElo "1524"]
[BlackElo "1439"]
[PlyCount "76"]
[EventDate "2017.07.08"]
[EventType "swiss"]
[EventRounds "9"]
[EventCountry "CAN"]
[SourceTitle "EXT 2022"]
[Source "ChessBase"]
[SourceDate "2021.10.06"]
[SourceVersion "1"]
[SourceVersionDate "2021.10.06"]
[SourceQuality "1"]

1. c4 Nf6 2. Nc3 g6 3. e4 d6 4. d4 Bg7 5. Nf3 0-0 6. Bg5 Nbd7 7. Qd2 Re8 8. Be2 c5 9. d5 Ng4 10. h3 Nge5 11. Rb1 a6 12. Nh2 Nb6 13. b3 f6 14. Be3 f5 15. f3 e6 16. 0-0 exd5 17. exd5 Nf7 18. f4 Rxe3 19. Nd1 Re8 20. Nf3 Nd7 21. Nf2 Nf6 22. Bd3 Ne4 23. Qc2 Nxf2 24. Rxf2 Bd7 25. b4 b6 26. g3 Rb8 27. Kg2 Qf6 28. Rb3 Ba4 29. Qb1 Bxb3 30. axb3 Re3 31. Rd2 Qc3 32. Rd1 Qxb4 33. Bc2 Re2+ 34. Kg1 Rbe8 35. Kf1 Qc3 36. Ng1 Rxc2 37. g4 Bd4 38. g5 Rf2# 0-1

[Event "Canadian op U1800"]
[Site "Sault Ste Marie"]
[Date "2017.07.11"]
[Round "4.38"]
[White "Belanger, Robin"]
[Black "White, Chris"]
[Result "1-0"]
[WhiteElo "1439"]
[BlackElo "1720"]
[PlyCount "91"]
[EventDate "2017.07.08"]
[EventType "swiss"]
[EventRounds "9"]
[EventCountry "CAN"]
[SourceTitle "EXT 2022"]
[Source "ChessBase"]
[SourceDate "2021.10.06"]
[SourceVersion "1"]
[SourceVersionDate "2021.10.06"]
[SourceQuality "1"]

1. e4 e6 2. d4 d5 3. exd5 exd5 4. Bd3 Bd6 5. Ne2 Bg4 6. Nbc3 Ne7 7. Bg5 c6 8. Qd2 Qb6 9. 0-0-0 Na6 10. Rde1 0-0-0 11. Ng3 f6 12. Bf4 Qc7 13. Bxd6 Qxd6 14. h3 Bd7 15. Qe2 Rde8 16. Bxa6 Ng6 17. Bxb7+ Kxb7 18. Qd2 Nf4 19. Na4 Rxe1+ 20. Rxe1 Nxg2 21. Nc5+ Ka8 22. Re2 Bxh3 23. Nh5 Bg4 24. f3 Bxf3 25. Rxg2 Bxg2 26. Qxg2 Qe7 27. Kd2 Re8 28. Qf2 Qf7 29. Nf4 g5 30. Nfd3 h5 31. Ne5 Qc7 32. Qxf6 g4 33. Qg6 Rh8 34. Nxc6 Qf4+ 35. Kc3 Qc7 36. Ne5 Qa5+ 37. Kd3 Qb5+ 38. c4 dxc4+ 39. Nxc4 Rf8 40. Qe4+ Kb8 41. Qe5+ Kc8 42. Qe6+ Kd8 43. Qd5+ Kc8 44. Qa8+ Qb8 45. Qc6+ Kd8 46. Qd7# 1-0

[Event "Canadian op U1600"]
[Site "Windsor"]
[Date "2016.07.14"]
[Round "5.45"]
[White "Koltai, Dora"]
[Black "Belanger, Robin"]
[Result "1-0"]
[WhiteElo "1446"]
[BlackElo "1452"]
[PlyCount "121"]
[EventDate "2016.07.10"]
[EventType "swiss"]
[EventRounds "9"]
[EventCountry "CAN"]
[SourceTitle "EXT 2022"]
[Source "ChessBase"]
[SourceDate "2021.10.06"]
[SourceVersion "1"]
[SourceVersionDate "2021.10.06"]
[SourceQuality "1"]

1. e4 c5 2. c3 Nc6 3. d4 cxd4 4. cxd4 e6 5. Nf3 Nf6 6. Nc3 Bb4 7. Bd3 d5 8. exd5 Nxd5 9. Qc2 Nxc3 10. bxc3 Nxd4 11. Nxd4 Qxd4 12. Bb2 Qe5+ 13. Be2 Ba5 14. 0-0 Bd7 15. c4 Qg5 16. Bf3 0-0 17. Bxb7 Rab8 18. Be4 f5 19. Bf3 Rfc8 20. Bc1 Qf6 21. Ba3 Bb5 22. Be2 Bc6 23. Qd3 Be4 24. Qe3 Bc3 25. Rad1 Rd8 26. Bd6 Rb2 27. a3 e5 28. Qxc3 Rxe2 29. Bxe5 Qg5 30. Rxd8+ Qxd8 31. c5 Rc2 32. Qb3+ Qd5 33. Qb8+ Kf7 34. Qxa7+ Ke6 35. Qxg7 Qxe5 36. Qxh7 Rxc5 37. Rd1 Rd5 38. Qg6+ Qf6 39. Qxf6+ Kxf6 40. Rxd5 Bxd5 41. f3 Kg5 42. a4 Kf4 43. Kf2 Bc4 44. g3+ Kg5 45. h4+ Kh5 46. Ke3 Bd5 47. Kf4 Kg6 48. a5 Bc4 49. h5+ Kxh5 50. Kxf5 Be2 51. g4+ Kh6 52. g5+ Kg7 53. f4 Bd3+ 54. Ke6 Kg6 55. Ke5 Ba6 56. f5+ Kxg5 57. f6 Bc4 58. a6 Bxa6 59. f7 Bd3 60. f8Q Kg4 61. Qf4+ 1-0

[Event "Canadian op U1600"]
[Site "Windsor"]
[Date "2016.07.13"]
[Round "4.44"]
[White "Young, John2222"]
[Black "Belanger, Robin"]
[Result "1-0"]
[WhiteElo "1469"]
[BlackElo "1452"]
[PlyCount "53"]
[EventDate "2016.07.10"]
[EventType "swiss"]
[EventRounds "9"]
[EventCountry "CAN"]
[SourceTitle "EXT 2022"]
[Source "ChessBase"]
[SourceDate "2021.10.06"]
[SourceVersion "1"]
[SourceVersionDate "2021.10.06"]
[SourceQuality "1"]

1. e4 g6 2. f4 Bg7 3. Bc4 e6 4. Nf3 d5 5. exd5 exd5 6. Bb3 Qe7+ 7. Kf2 Nf6 8. Re1 Ne4+ 9. Kf1 Bg4 10. Bxd5 f5 11. d3 Bxf3 12. Qxf3 Qc5 13. dxe4 Qxc2 14. exf5+ Kd8 15. Na3 Qxf5 16. Bxb7 Rf8 17. Bxa8 Nd7 18. Be4 Ne5 19. Qd1+ Qd7 20. Qxd7+ Kxd7 21. Kg1 Ng4 22. Be3 Nxe3 23. Rxe3 Bd4 24. Rd1 c5 25. Nb5 Rd8 26. Nxd4 Kc8 27. Rc3 1-0